00582nam a2200181Ia 4500001001000000003000500010008004100015010001100056040000900067100002900076245013300105260003400238300001000272502004100282650000900323650004100332710002700373Para_5661CHAP220125s1978 xx 000 0 und d a204091 cCHAP1 aAlvarado y Sosa, Lorenzo aFisiología y bioquímica del desarrollo del fruto del nopal tunero (Opuntia ampolaea Tenore) /c por Lorenzo Alvarado y Sosa aChapingo, Méx. :b el autor a73 h. aTesis (M.C. Esp. en Fruticultura) CP aTuna aTuna x fisiología y morfología  aCP. Rama de genética